Sociedades anonimas y de responsabilidad limitada : Análisis contable, económico y financiero /
Guardado en:
| Otros Autores: | |
|---|---|
| Formato: | Desconocido |
| Idioma: | Spanish |
| Publicado: |
Madrid :
Ediciones analiticas europeas,
1989
|
| Edición: | 1ª ed. |
| Series: | Organización MC9
|
| Materias: | |
| Etiquetas: |
Agregar Etiqueta
Sin Etiquetas, Sea el primero en etiquetar este registro!
|
| LEADER | 00800nac a22001935a 4500 | ||
|---|---|---|---|
| 001 | DER.der002912 | ||
| 005 | 20061122000000.0 | ||
| 008 | 180615s1989####||||||||||||||||||||spa|| | ||
| 020 | |a 84-87292-03-8 | ||
| 245 | 1 | 0 | |a Sociedades anonimas y de responsabilidad limitada : |b Análisis contable, económico y financiero / |c , dirigido por Luis Gonzalez pino |
| 250 | |a 1ª ed. | ||
| 260 | |a Madrid : |b Ediciones analiticas europeas, |c 1989 | ||
| 300 | 0 | |a 519 p. | |
| 440 | 0 | |a Organización MC9 | |
| 500 | 0 | |a Ley de reforma parcial y adaptación de la legislación mercantil a las directivas de la Comunidad Económica Europea (CEE) en materia de sociedades | |
| 653 | |a DERECHO SOCIETARIO | ||
| 653 | |a SOCIEDADES ANONIMAS | ||
| 700 | 1 | |a Gonzalez Pino, Luis |e director | |
| 859 | |a DERECHO |b BIB. DERECHO |h 346.2 |i GON |p 004727 | ||
